000
00297nam a22001337a 4500
020
_a
978-93-85175-85-5
082
_a
894.812.3
_b
GEO/S
100
_a
GEORGE,BEENA
245
_a
SNOWWHITUM EZHU KULLANMARUM
260
_a
THRISSUR
_b
H&C BOOKS
300
_a
48
650
_a
STORY
_z
KERALA
942
_c
BK
999
_c
7061
_d
7061